El conflicto entre el paganismo y el cristianismo en el siglo IV / (Record no. 6966)

MARC details
000 -LEADER
campo de control de longitud fija 01042nam a2200277 i 4500
001 - NÚMERO DE CONTROL
campo de control 6966
003 - IDENTIFICADOR DE NÚMERO DE CONTROL
campo de control ES-MaACL
005 - FECHA Y HORA DE LA ÚLTIMA TRANSACCIÓN
campo de control 20250728100851.0
008 - DATOS DE LONGITUD FIJA--INFORMACIÓN GENERAL
campo de control de longitud fija 900719s1989 sp ||||1| spa d
020 ## - NÚMERO INTERNACIONAL ESTÁNDAR DEL LIBRO
Número Internacional Estándar del Libro 84-206-2614-7
080 ## - NÚMERO DE LA CLASIFICACIÓN DECIMAL UNIVERSAL
Número de la Clasificación Decimal Universal 261.2"03"
080 ## - NÚMERO DE LA CLASIFICACIÓN DECIMAL UNIVERSAL
Número de la Clasificación Decimal Universal 27"03"
245 03 - MENCIÓN DEL TÍTULO
Título El conflicto entre el paganismo y el cristianismo en el siglo IV /
Mención de responsabilidad, etc. Arnaldo Momigliano y otros ; edición de Arnaldo Momigliano ; versión española de Marta Hernández Íñiguez ; prefacio y adendum bibliográfico de Javier Arce.
260 ## - PUBLICACIÓN, DISTRIBUCIÓN, ETC.
Lugar de publicación, distribución, etc. Madrid :
Nombre del editor, distribuidor, etc. Alianza Editorial,
Fecha de publicación, distribución, etc. [1989]
300 ## - DESCRIPCIÓN FÍSICA
Extensión 251 p. ;
Dimensiones 20 cm.
490 1# - MENCIÓN DE SERIE
Mención de serie Alianza universidad ;
Designación de volumen o secuencia 614
504 ## - NOTA DE BIBLIOGRAFÍA, ETC.
Nota de bibliografía, etc. Bibliografía: p. 233-237.
650 #4 - PUNTO DE ACCESO ADICIONAL DE MATERIA--TÉRMINO DE MATERIA
Término de materia o nombre geográfico como elemento de entrada Historia eclesiástica-
Subdivisión cronológica S.I-VI.
9 (RLIN) 13402
650 #7 - PUNTO DE ACCESO ADICIONAL DE MATERIA--TÉRMINO DE MATERIA
Término de materia o nombre geográfico como elemento de entrada Cristianismo y otras religiones
Fuente del encabezamiento o término embne
9 (RLIN) 11436
700 1# - ENTRADA AGREGADA--NOMBRE PERSONAL
Nombre de persona Momigliano, Arnaldo.
9 (RLIN) 82077
700 1# - ENTRADA AGREGADA--NOMBRE PERSONAL
Nombre de persona Hernández Iñiguez, Marta.
9 (RLIN) 62967
700 1# - ENTRADA AGREGADA--NOMBRE PERSONAL
Nombre de persona Arce, Javier.
9 (RLIN) 22450
830 1# - PUNTO DE ACCESO ADICIONAL DE SERIE-TÍTULO UNIFORME
Título uniforme Alianza universidad ;
Designación de volumen o secuencia 614
9 (RLIN) 177276
852 ## - LOCALIZACIÓN
Ubicación ES-MaACL
Número de control de estantería L-14220
Holdings
Estatus retirado Estado de pérdida Estado de daño No para préstamo Biblioteca de origen Biblioteca actual Ubicación en estantería Fecha de adquisición Fuente de adquisición Total de préstamos Signatura topográfica completa Código de barras Visto por última vez Precio de reemplazo Tipo de ítem Koha
        Biblioteca del Ateneo de Madrid Biblioteca del Ateneo de Madrid Depósito 2 17/01/2008     L-14220 1007103 23/02/2023 23/02/2023 Libro impreso